Komunikácia verejného a súkromného sektora v krízových situáciách SR

Článok analyzuje súčasný stav komunikácie krízového manažmentu, ako aj bežného obyvateľstva pri riešení krízových situácií v SR. Osobitnú pozornosť venuje požiadavkám na komunikačné prepojenia medzi skupinami užívateľov v systéme komunikácií pre krízové situácie a súčasnému modelu krízového riadenia...

Descripción completa

Guardado en:
Detalles Bibliográficos
Autor principal: Hudáková, Monika
Formato: Capítulo de libro
Lenguaje:eslovaco
Materias:
Etiquetas: Agregar Etiqueta
Sin Etiquetas, Sea el primero en etiquetar este registro!

MARC

LEADER 00000naa$a2200000$$$4500
001 0080537
005 20231018091952.3
041 0 |a slo 
044 |a SK 
245 1 0 |a Komunikácia verejného a súkromného sektora v krízových situáciách SR  |c Monika Hudáková 
520 |a Článok analyzuje súčasný stav komunikácie krízového manažmentu, ako aj bežného obyvateľstva pri riešení krízových situácií v SR. Osobitnú pozornosť venuje požiadavkám na komunikačné prepojenia medzi skupinami užívateľov v systéme komunikácií pre krízové situácie a súčasnému modelu krízového riadenia v SR. Špecifické rozdiely v public relations verejného a súkromného sektora. 
610 2 0 |a kríza 
610 2 0 |a manažment krízový 
610 2 0 |a sektor súkromný 
610 2 0 |a sektor verejný 
610 2 0 |a komunikácia 
610 2 0 |a systém 
100 1 |a Hudáková, Monika